Premier League Club Captains (24/25) - Statistics

General Stats
  • This quiz has been taken 88 times
  • The average score is 7 of 20
Answer Stats
Club Captain % Correct
Arsenal Martin Ødegaard
79%
Manchester United Bruno Fernandes
76%
Liverpool Virgil Van Dijk
76%
Leicester City Jamie Vardy
68%
Tottenham Hotspur Son Heung-Min
68%
Manchester City Kyle Walker
62%
Chelsea Reece James
59%
Brighton & Hove Albion Lewis Dunk
50%
West Ham United Jarrod Bowen
42%
AFC Bournemouth Adam Smith
30%
Aston Villa John McGinn
14%
Newcastle United Jamaal Lascelles
9%
Crystal Palace Joel Ward
8%
Nottingham Forest Ryan Yates
8%
Everton Séamus Coleman
8%
Brentford Christian Nørgaard
6%
Wolverhampton Wanderers Mario Lemina
6%
Southampton Jack Stephens
5%
Ipswich Town Sam Morsy
5%
Fulham Tom Cairney
5%
No matching quizzes found
Score Distribution
Percent of People with Each Score
Percentile by Number Answered
Your Score History
You have not taken this quiz